[Event "Turkish Super League 2019"]
[Site "Konya"]
[Date "2019.07.27"]
[Round "12"]
[White "Inarkiev, Ernesto"]
[Black "Dastan, Muhammed Batuhan"]
[Result "0-1"]
[WhiteElo "2693"]
[BlackElo "2565"]
[Annotator "ChessBase"]
[PlyCount "150"]
[EventDate "2019.07.17"]
[EventType "team-tourn"]
[EventCountry "TUR"]
[SourceTitle "playchess.com"]
[Source "ChessBase"]
[SourceQuality "1"]
[TimeControl "40/5400+30:1800+30"]

1. c4 c6 2. d4 d5 3. Nf3 Nf6 4. e3 a6 5. Nc3 b5 6. b3 Bg4 7. a4 Bxf3 8. gxf3 bxc4 9. bxc4 e6 10. c5 Nbd7 11. a5 e5 12. Qa4 Qc7 13. Na2 exd4 14. exd4 Bxc5 15. Be3 Be7 16. Nb4 Nb8 17. Rc1 O-O 18. Bd3 Qd7 19. Nxc6 Bd6 20. Qc2 Nxc6 21. Qxc6 Qe6 22. Qa4 Qh3 23. Be2 Rab8 24. Qc6 Ba3 25. Bxa6 Rfe8 26. Ke2 Re6 27. Rb1 Rxc6 28. Rxb8+ Bf8 29. Bd3 Nd7 30. Re8 {[%emt 1:43:28]} Nf6 {[%emt 1:42:53]} 31. Rb8 {[%emt 0:00:30]} Qd7 {[%emt 0:00:30]} 32. a6 {[%emt 0:00:30]} Rxa6 {[%emt 0:00:30]} 33. Bxa6 {[%emt 0:00:30]} Qa7 {[%emt 0:00:30]} 34. Rxf8+ {[%emt 0:00:30]} Kxf8 {[%emt 0:00:30]} 35. Bd3 {[%emt 0:00:30]} Qa2+ {[%emt 0:00:30]} 36. Kf1 {[%emt 0:00:30]} Qb3 {[%emt 0:00:30]} 37. Ke2 {[%emt 0:00:30]} Qb2+ {[%emt 0:00:30]} 38. Kf1 {[%emt 0:00:00]} Qa3 {[%emt 0:00:55]} 39. Ke2 {[%emt 0:00:00]} Qd6 {[%emt 0:01:04]} 40. Ra1 {[%emt 0:01:53]} Qb8 {[%emt 0:00:00]} 41. Kf1 {[%emt 0:02:39]} Nh5 {[%emt 0:08:08]} 42. Kg1 {[%emt 0:16:32]} Nf4 {[%emt 0:01:30]} 43. Rb1 {[%emt 0:04:13]} Qd6 {[%emt 0:01:30]} 44. Bxf4 {[%emt 0:00:30]} Qxf4 {[%emt 0:00:00]} 45. Kg2 {[%emt 0:01:08]} Qxd4 {[%emt 0:03:00]} 46. Rb3 {[%emt 0:00:09]} Ke7 {[%emt 0:00:57]} 47. Bf1 {[%emt 0:00:01]} Qf4 {[%emt 0:07:09]} 48. h3 {[%emt 0:00:12]} Kf6 {[%emt 0:00:47]} 49. Re3 {[%emt 0:00:18]} Kg5 {[%emt 0:00:46]} 50. Rd3 {[%emt 0:01:12]} Qe5 {[%emt 0:00:48]} 51. Re3 {[%emt 0:00:00]} Qf5 {[%emt 0:00:00]} 52. Rd3 {[%emt 0:00:00]} Kf4 {[%emt 0:00:54]} 53. Rd4+ {[%emt 0:00:30]} Ke5 {[%emt 0:00:30]} 54. Rd3 {[%emt 0:00:30]} Qg5+ {[%emt 0:00:30]} 55. Kh2 {[%emt 0:00:00]} Kf4 {[%emt 0:03:23]} 56. Be2 {[%emt 0:00:00]} Qe5 {[%emt 0:00:30]} 57. Bf1 {[%emt 0:00:00]} Qd6 {[%emt 0:02:31]} 58. Kg2 {[%emt 0:00:00]} Qg6+ {[%emt 0:00:35]} 59. Kh1 {[%emt 0:00:00]} Qd6 {[%emt 0:01:12]} 60. Kg2 {[%emt 0:01:21]} d4 {[%emt 0:02:16]} 61. Kg1 {[%emt 0:00:30]} Qg6+ {[%emt 0:00:30]} 62. Kh1 {[%emt 0:00:00]} Ke5 {[%emt 0:00:04]} 63. Rb3 {[%emt 0:00:00]} Qc2 {[%emt 0:00:59]} 64. Rb5+ {[%emt 0:00:55]} Kf4 {[%emt 0:00:41]} 65. Kg1 {[%emt 0:00:01]} Kxf3 {[%emt 0:01:07]} 66. Bg2+ {[%emt 0:00:01]} Ke2 {[%emt 0:01:10]} 67. Bf1+ {[%emt 0:00:30]} Kd2 {[%emt 0:00:30]} 68. Rd5 {[%emt 0:00:00]} Qg6+ {[%emt 0:00:28]} 69. Bg2 {[%emt 0:00:31]} d3 {[%emt 0:00:22]} 70. Rd8 {[%emt 0:00:04]} Qf6 {[%emt 0:00:42]} 71. Rd7 {[%emt 0:00:51]} Ke2 {[%emt 0:00:58]} 72. Bf1+ {[%emt 0:03:47]} Ke1 {[%emt 0:00:30]} 73. Bxd3 {[%emt 0:00:00]} Qxf2+ {[%emt 0:00:21]} 74. Kh1 {[%emt 0:00:03]} Qf3+ {[%emt 0:00:30]} 75. Kh2 {[%emt 0:00:00]} Kf2 {[%emt 0:00:00]} 0-1

[Event "Turkish Super League 2019"]
[Site "Konya"]
[Date "2019.07.27"]
[Round "12"]
[White "Firouzja, Alireza"]
[Black "Haznedaroglu, Kivanc"]
[Result "1-0"]
[WhiteElo "2685"]
[BlackElo "2448"]
[Annotator "ChessBase"]
[PlyCount "79"]
[EventDate "2019.07.17"]
[EventType "team-tourn"]
[EventCountry "TUR"]
[SourceTitle "playchess.com"]
[Source "ChessBase"]
[SourceQuality "1"]
[TimeControl "40/5400+30:1800+30"]

1. e4 e5 2. Nf3 Nc6 3. Bb5 a6 4. Ba4 Nf6 5. O-O Be7 6. Re1 b5 7. Bb3 d6 8. c3 O-O 9. h3 Nb8 10. d4 Nbd7 11. Nbd2 Bb7 12. Bc2 Re8 13. Nf1 Bf8 14. Ng3 g6 15. Bg5 h6 16. Bd2 Bg7 17. Qc1 Kh7 18. h4 c5 19. d5 c4 20. h5 Nc5 21. b4 cxb3 22. axb3 a5 23. b4 axb4 24. Rxa8 Qxa8 25. cxb4 Na4 26. Bd3 Rc8 27. Qa3 Ba6 28. Rc1 Qb7 29. hxg6+ fxg6 30. Ne2 Nd7 31. Nc3 Nxc3 32. Rxc3 Bf6 33. Ne1 {[%emt 1:11:30]} Bd8 {[%emt 1:22:30]} 34. Nc2 {[%emt 0:03:30]} Nb6 {[%emt 0:12:59]} 35. Rc6 {[%emt 0:01:30]} Rxc6 {[%emt 0:06:01]} 36. dxc6 {[%emt 0:00:30]} Qc8 {[%emt 0:00:00]} 37. Ne3 {[%emt 0:02:30]} Na4 {[%emt 0:00:09]} 38. Qa2 {[%emt 0:00:30]} Qc7 {[%emt 0:01:16]} 39. Qe6 {[%emt 0:02:30]} Kg7 {[%emt 0:02:33]} 40. Qe8 {[%emt 0:00:00]} 1-0

[Event "Turkish Super League 2019"]
[Site "Konya"]
[Date "2019.07.27"]
[Round "12"]
[White "Ivanchuk, Vassily"]
[Black "Nihal Sarin"]
[Result "1/2-1/2"]
[WhiteElo "2684"]
[BlackElo "2610"]
[Annotator "TA"]
[PlyCount "77"]
[EventDate "2019.07.17"]
[EventType "team-tourn"]
[EventCountry "TUR"]
[SourceTitle "playchess.com"]
[Source "ChessBase"]
[SourceQuality "1"]

{[%evp 11,77,1,28,26,18,0,11,1,1,1,1,0,0,0,3,0,4,0,0,0,0,0,40,50,39,42,114,37,30,33,39,36,35,20,53,37,43,50,68,39,47,39,43,39,44,38,61,36,56,14,14,16,38,13,18,0,0,0,0,0,3,0,0,0,0,0,0,-5]} 1. d4 Nf6 2. c4 e6 3. Nf3 d5 4. e3 b6 5. Bd3 Bb7 6. O-O Nbd7 7. cxd5 {E14: Queen's Indian: Classical Variation (4 e3)} (7. Nc3 Bd6 8. b3 Ne4 9. Bb2 f5 10. Ne2 O-O 11. Ne5 Qe7 12. f3 Ng5 13. Nxd7 Qxd7 14. Rc1 c5 15. dxc5 Bxc5 {½-½ (39) Krasenkow,M (2626)-Olszewski,M (2550) Trzcianka 2016}) 7... exd5 8. b3 a6 9. Qe2 $146 ({Predecessor:} 9. Bb2 Bd6 10. Nc3 O-O 11. Rc1 Ne4 12. Ne2 Qf6 13. Ng3 Rfe8 14. Rc2 Re7 15. Qc1 Rae8 16. Ba3 Bxa3 17. Qxa3 Nxg3 18. hxg3 c5 {½-½ (33) Moskalenko,A (2514)-Dgebuadze,A (2523) Lambsheim 2017}) 9... Bd6 10. Ba3 c5 11. Nc3 O-O 12. Rfd1 Qe7 13. Rac1 g6 14. Qb2 Rac8 15. Bf1 Rfe8 16. g3 c4 17. Bxd6 Qxd6 18. a4 Rc7 {[#]} (18... Qb4 $14) 19. Nd2 (19. bxc4 $1 $16 dxc4 20. Nd2) 19... cxb3 $14 20. Qxb3 Rec8 21. Rc2 Kg7 22. Rdc1 h5 23. h4 Qe6 24. Bd3 Qd6 25. Qb2 Kg8 26. Ne2 Rxc2 27. Rxc2 Rxc2 28. Qxc2 Qc6 29. Nc3 Ne8 30. f3 Nd6 31. Kf2 Kf8 32. Qb3 Nf6 {The position is equal.} 33. Na2 a5 34. Nc3 Bc8 35. Bb1 Be6 36. Ba2 Kg8 37. Qb2 Nf5 38. Nb5 Nd6 39. Nc3 {Accuracy: White = 53%, Black = 59%.} 1/2-1/2

[Event "Turkish Super League 2019"]
[Site "Konya"]
[Date "2019.07.27"]
[Round "12"]
[White "Kuzubov, Yuriy"]
[Black "Benidze, Davit"]
[Result "1-0"]
[WhiteElo "2671"]
[BlackElo "2469"]
[Annotator "ChessBase"]
[PlyCount "105"]
[EventDate "2019.07.17"]
[EventType "team-tourn"]
[EventCountry "TUR"]
[SourceTitle "playchess.com"]
[Source "ChessBase"]
[SourceQuality "1"]
[TimeControl "40/5400+30:1800+30"]

1. d4 Nf6 2. Bf4 d6 3. Nc3 g6 4. Qd2 c6 5. e4 Bg7 6. Bh6 Bxh6 7. Qxh6 e5 8. Nf3 Qe7 9. dxe5 dxe5 10. Bc4 b5 11. Bb3 Be6 12. O-O Nbd7 13. h3 Bxb3 14. axb3 b4 15. Na2 Nxe4 16. Nxb4 Qxb4 17. Ra4 Qd6 18. Rxe4 f5 19. Ra4 e4 20. Nd2 Nb6 21. Qg7 Rf8 22. Nxe4 Qe7 23. Nd6+ Kd7 24. Qxe7+ Kxe7 25. Rd4 c5 26. Rdd1 Rfd8 27. Rfe1+ Kf6 28. Nb7 Rxd1 29. Rxd1 Rc8 30. Nd6 Rc6 31. Kf1 a5 32. Nb5 c4 33. bxc4 Nxc4 34. b3 Nb6 35. Rd6+ Rxd6 36. Nxd6 a4 37. Nb5 axb3 38. cxb3 Ke5 39. Ke2 Kd5 40. Nc3+ Kd4 41. Kd2 g5 42. Ne2+ Ke4 43. Ng3+ Ke5 44. Kd3 Nd5 45. Ne2 f4 46. Nd4 Nf6 47. Nf3+ Kf5 {[%emt 1:38:30]} 48. b4 {[%emt 1:48:00]} g4 {[%emt 0:00:30]} 49. hxg4+ {[%emt 0:00:30]} Nxg4 {[%emt 0:00:30]} 50. Ke2 {[%emt 0:00:30]} Nf6 {[%emt 0:00:30]} 51. b5 {[%emt 0:00:30]} Ne4 {[%emt 0:00:30]} 52. b6 {[%emt 0:00:30]} Nc5 {[%emt 0:00:30]} 53. Nd2 {[%emt 0:02:30]} 1-0

[Event "Turkish Super League 2019"]
[Site "Konya"]
[Date "2019.07.27"]
[Round "12"]
[White "Demchenko, Anton"]
[Black "Durarbayli, Vasif"]
[Result "1/2-1/2"]
[WhiteElo "2665"]
[BlackElo "2637"]
[Annotator "ChessBase"]
[PlyCount "111"]
[EventDate "2019.07.17"]
[EventType "team-tourn"]
[EventCountry "TUR"]
[SourceTitle "playchess.com"]
[Source "ChessBase"]
[SourceQuality "1"]
[TimeControl "40/5400+30:1800+30"]

1. e4 c5 2. Nf3 Nc6 3. Bb5 g6 4. O-O Bg7 5. Nc3 Nh6 6. Re1 O-O 7. h3 f5 8. d3 Nd4 9. Bc4+ e6 10. Nxd4 cxd4 11. Bxh6 Bxh6 12. Nb5 Qb6 13. e5 a6 14. Nd6 Bg5 15. Qf3 Rb8 16. Bb3 Qc5 17. Qg3 Be7 18. Qf4 b5 19. c3 dxc3 20. d4 Qc7 21. Rac1 b4 22. bxc3 bxc3 23. d5 Kg7 24. Qd4 Qb6 25. Qxc3 Kh6 26. Red1 Bh4 27. g3 Bg5 28. Rc2 f4 29. g4 Bh4 30. Rdd2 a5 31. dxe6 dxe6 32. Qc7 Qxc7 33. Rxc7 a4 34. Bxa4 Rb1+ 35. Rd1 Rb2 36. Rxc8 Bxf2+ 37. Kf1 {[%emt 1:46:29]} Rxc8 {[%emt 1:40:26]} 38. Nxc8 {[%emt 0:00:30]} Bg3 {[%emt 0:00:30]} 39. Bc6 {[%emt 0:01:56]} Rf2+ {[%emt 0:05:01]} 40. Kg1 {[%emt 0:00:00]} f3 {[%emt 0:00:00]} 41. Bxf3 {[%emt 0:03:35]} Rxf3 {[%emt 0:02:33]} 42. Kg2 {[%emt 0:00:30]} Ra3 {[%emt 0:00:00]} 43. Nd6 {[%emt 0:00:30]} Bf4 {[%emt 0:05:00]} 44. Nf7+ {[%emt 0:10:48]} Kg7 {[%emt 0:00:00]} 45. Nd8 {[%emt 0:00:00]} Bxe5 {[%emt 0:01:00]} 46. Rd7+ {[%emt 0:00:34]} Kg8 {[%emt 0:00:30]} 47. Nxe6 {[%emt 0:00:03]} Rxa2+ {[%emt 0:02:30]} 48. Kf3 {[%emt 0:00:01]} Rh2 {[%emt 0:01:30]} 49. Ke4 {[%emt 0:02:18]} Bf6 {[%emt 0:00:00]} 50. Nf4 {[%emt 0:00:00]} Rh1 {[%emt 0:00:00]} 51. Rd3 {[%emt 0:01:04]} Bg5 {[%emt 0:01:30]} 52. Ne6 {[%emt 0:01:40]} Re1+ {[%emt 0:03:30]} 53. Kd5 {[%emt 0:00:01]} Be7 {[%emt 0:00:00]} 54. Rf3 {[%emt 0:00:46]} Rd1+ {[%emt 0:00:00]} 55. Ke4 {[%emt 0:00:19]} Re1+ {[%emt 0:00:30]} 56. Kd5 {[%emt 0:00:30]} 1/2-1/2

[Event "Turkish Super League 2019"]
[Site "Konya"]
[Date "2019.07.27"]
[Round "12"]
[White "Alekseenko, Kirill"]
[Black "Sanal, Vahap"]
[Result "1-0"]
[WhiteElo "2650"]
[BlackElo "2520"]
[Annotator "ChessBase"]
[PlyCount "71"]
[EventDate "2019.07.17"]
[EventType "team-tourn"]
[EventCountry "TUR"]
[SourceTitle "playchess.com"]
[Source "ChessBase"]
[SourceQuality "1"]
[TimeControl "40/5400+30:1800+30"]

1. e4 e5 2. Nf3 Nc6 3. d4 exd4 4. Nxd4 Qf6 5. Nf3 Bb4+ 6. Nbd2 Nge7 7. Be2 Ng6 8. c3 Bc5 9. Nb3 Bb6 10. Bg5 Qe6 11. Qc2 h6 12. Bd2 O-O 13. O-O d5 14. Bd3 dxe4 15. Bxe4 f5 16. Bd3 Nce5 17. Nxe5 Nxe5 18. Rae1 f4 19. Nd4 Bxd4 20. cxd4 f3 21. Rxe5 Qg4 22. Bh7+ Kh8 23. Qg6 Qxg2+ 24. Qxg2 fxg2 25. Rc1 Kxh7 26. Rxc7 Bf5 27. Rxb7 Rae8 28. Ree7 {[%emt 1:18:00]} Rxe7 {[%emt 1:16:00]} 29. Rxe7 {[%emt 0:00:30]} Bb1 {[%emt 0:00:00]} 30. d5 {[%emt 0:05:30]} Rd8 {[%emt 0:05:00]} 31. Bc3 {[%emt 0:01:30]} Kg6 {[%emt 0:00:30]} 32. Rxg7+ {[%emt 0:00:50]} Kh5 {[%emt 0:00:00]} 33. Rxa7 {[%emt 0:02:07]} Be4 {[%emt 0:00:00]} 34. Ra4 {[%emt 0:00:00]} Bxd5 {[%emt 0:01:30]} 35. Rd4 {[%emt 0:00:12]} Kg6 {[%emt 0:00:30]} 36. f3 {[%emt 0:00:41]} 1-0

[Event "Turkish Super League 2019"]
[Site "Konya"]
[Date "2019.07.27"]
[Round "12"]
[White "Kravtsiv, Martyn"]
[Black "Annaberdiev, Meilis"]
[Result "1-0"]
[WhiteElo "2628"]
[BlackElo "2515"]
[Annotator "ChessBase"]
[PlyCount "107"]
[EventDate "2019.07.17"]
[EventType "team-tourn"]
[EventCountry "TUR"]
[SourceTitle "playchess.com"]
[Source "ChessBase"]
[SourceQuality "1"]
[TimeControl "40/5400+30:1800+30"]

1. e4 e5 2. Bc4 Nf6 3. d3 Nc6 4. Nc3 Bc5 5. f4 d6 6. Nf3 a6 7. Nd5 h6 8. c3 Ba7 9. Rf1 exf4 10. Bxf4 Be6 11. Nxf6+ Qxf6 12. Bxe6 Qxe6 13. Qb3 O-O-O 14. Qxe6+ fxe6 15. Ke2 Rhf8 16. Bg3 Ne7 17. d4 Rf7 18. h4 Ng6 19. Nd2 Rdf8 20. Rxf7 Rxf7 21. Rf1 Rxf1 22. Nxf1 h5 23. Ne3 Kd7 24. Kf3 b5 25. Nc2 Nh8 26. Nb4 a5 27. Nd3 g6 28. Bf2 Ke7 29. Nf4 c5 30. dxc5 Bxc5 31. Bxc5 dxc5 32. e5 Kd7 33. Ke4 a4 34. a3 Ke7 35. Ke3 Kd7 36. Kd3 {[%emt 1:42:08]} Ke7 {[%emt 1:45:45]} 37. c4 {[%emt 0:00:30]} b4 {[%emt 0:00:30]} 38. Ke3 {[%emt 0:00:30]} Kd7 {[%emt 0:00:30]} 39. Ke4 {[%emt 0:00:30]} Nf7 {[%emt 0:00:00]} 40. Nxg6 {[%emt 0:02:11]} Nh6 {[%emt 0:00:26]} 41. Nf4 {[%emt 0:00:41]} Ng4 {[%emt 0:11:19]} 42. Nd3 {[%emt 0:10:30]} Kc6 {[%emt 0:00:30]} 43. axb4 {[%emt 0:13:20]} cxb4 {[%emt 0:00:30]} 44. Kd4 {[%emt 0:00:00]} b3 {[%emt 0:00:30]} 45. Kc3 {[%emt 0:00:47]} Ne3 {[%emt 0:00:30]} 46. g3 {[%emt 0:00:06]} Nf1 {[%emt 0:14:37]} 47. Kb4 {[%emt 0:00:10]} Nd2 {[%emt 0:04:06]} 48. Kxa4 {[%emt 0:05:21]} Nxc4 {[%emt 0:00:32]} 49. Kb4 {[%emt 0:00:21]} Nxb2 {[%emt 0:01:29]} 50. Nxb2 {[%emt 0:00:38]} Kd5 {[%emt 0:00:03]} 51. Kxb3 {[%emt 0:00:18]} Ke4 {[%emt 0:02:36]} 52. Kc4 {[%emt 0:00:43]} Kf3 {[%emt 0:01:43]} 53. Nd3 {[%emt 0:00:30]} Kxg3 {[%emt 0:00:00]} 54. Kc5 {[%emt 0:00:17]} 1-0

[Event "Turkish Super League 2019"]
[Site "Konya"]
[Date "2019.07.27"]
[Round "12"]
[White "Yilmaz, Mustafa"]
[Black "Selbes, Tarik"]
[Result "1/2-1/2"]
[WhiteElo "2618"]
[BlackElo "2342"]
[Annotator "ChessBase"]
[PlyCount "92"]
[EventDate "2019.07.17"]
[EventType "team-tourn"]
[EventCountry "TUR"]
[SourceTitle "playchess.com"]
[Source "ChessBase"]
[SourceQuality "1"]
[TimeControl "40/5400+30:1800+30"]

1. d4 Nf6 2. c4 g6 3. Nf3 Bg7 4. g3 O-O 5. Bg2 d6 6. O-O a6 7. Nc3 Nc6 8. b3 Rb8 9. d5 Na5 10. Bg5 b5 11. cxb5 axb5 12. b4 Nc4 13. Qb3 h6 14. Nd4 hxg5 15. Nc6 Qe8 16. Nxb8 Nd2 17. Qa3 Nxf1 18. Rxf1 Bb7 19. Nc6 e6 20. dxe6 Bxc6 21. e7 Qxe7 22. Bxc6 Ng4 23. e3 Ne5 24. Bxb5 Nf3+ 25. Kg2 Nd2 26. Bc6 Nxf1 27. Kxf1 f5 28. Nd5 Qe5 29. Qb3 Kh7 30. a4 Bh6 31. Qc3 Qe6 32. Nxc7 Qa2 33. Nd5 f4 34. exf4 gxf4 35. gxf4 Bxf4 36. Nf6+ {[%emt 1:44:30]} Rxf6 {[%emt 1:43:23]} 37. Qxf6 {[%emt 0:00:30]} Qc4+ {[%emt 0:00:30]} 38. Ke1 {[%emt 0:00:30]} Qxb4+ {[%emt 0:00:30]} 39. Ke2 {[%emt 0:00:30]} Qc4+ {[%emt 0:00:30]} 40. Kf3 {[%emt 0:00:30]} Qxc6+ {[%emt 0:00:30]} 41. Kxf4 {[%emt 0:30:30]} Qxa4+ {[%emt 0:30:30]} 42. Kg3 {[%emt 0:00:30]} Qd7 {[%emt 0:00:00]} 43. Qh4+ {[%emt 0:00:00]} Kg7 {[%emt 0:00:00]} 44. Qd4+ {[%emt 0:00:00]} Kh7 {[%emt 0:00:00]} 45. Qh4+ {[%emt 0:00:00]} Kg7 {[%emt 0:00:00]} 46. Qd4+ {[%emt 0:00:00]} Kh7 {[%emt 0:00:00]} 1/2-1/2

[Event "Turkish Super League 2019"]
[Site "Konya"]
[Date "2019.07.27"]
[Round "12"]
[White "Rakhmanov, Aleksandr"]
[Black "Can, Emre"]
[Result "1/2-1/2"]
[WhiteElo "2615"]
[BlackElo "2595"]
[Annotator "ChessBase"]
[PlyCount "128"]
[EventDate "2019.07.17"]
[EventType "team-tourn"]
[EventCountry "TUR"]
[SourceTitle "playchess.com"]
[Source "ChessBase"]
[SourceQuality "1"]
[TimeControl "40/5400+30:1800+30"]

1. Nf3 g6 2. g3 Bg7 3. d4 d5 4. Bg2 Nf6 5. c4 c6 6. Qa4 O-O 7. O-O dxc4 8. Qxc4 Bf5 9. Nc3 Nbd7 10. h3 a5 11. Qb3 Nb6 12. a4 Be6 13. Qc2 Nfd5 14. Nxd5 Qxd5 15. Bg5 Rfe8 16. Ra3 Qc4 17. Qxc4 Nxc4 18. Rb3 Nd6 19. Ra3 Ra6 20. b3 Rb6 21. Rb1 Bd5 22. Bf4 Bxf3 23. Bxf3 Bxd4 24. Bxd6 exd6 25. Ra2 Rb4 26. Rd2 d5 27. Rd3 f5 28. e3 Bb6 29. h4 Kf7 30. Kg2 Kf6 31. Rc1 Ke5 32. Rcd1 Kd6 33. Rc1 Ke5 34. Rcd1 Ke6 35. Rc1 Bd8 36. Rcd1 Bf6 37. Rh1 Ra8 38. Bd1 Kd6 39. Bc2 Re8 40. Rc1 {[%emt 1:12:00]} Rbe4 {[%emt 1:46:15]} 41. Bd1 {[%emt 0:33:30]} Bd8 {[%emt 0:12:15]} 42. Bf3 {[%emt 0:01:30]} R4e5 {[%emt 0:01:30]} 43. Rb1 {[%emt 0:04:30]} Kc7 {[%emt 0:03:20]} 44. Rh1 {[%emt 0:03:30]} R5e7 {[%emt 0:02:09]} 45. Rc3 {[%emt 0:00:30]} Kd6 {[%emt 0:00:13]} 46. Rd3 {[%emt 0:01:30]} Bb6 {[%emt 0:00:51]} 47. Rhd1 {[%emt 0:00:30]} Ke5 {[%emt 0:04:48]} 48. Rh1 {[%emt 0:01:30]} Rd8 {[%emt 0:00:11]} 49. Rhd1 {[%emt 0:01:30]} Red7 {[%emt 0:00:08]} 50. Rc1 {[%emt 0:00:30]} Rd6 {[%emt 0:01:23]} 51. Re1 {[%emt 0:00:00]} R8d7 {[%emt 0:00:00]} 52. Red1 {[%emt 0:01:00]} d4 {[%emt 0:00:52]} 53. exd4+ {[%emt 0:01:30]} Rxd4 {[%emt 0:00:07]} 54. Be2 {[%emt 0:03:30]} Rxd3 {[%emt 0:01:59]} 55. Bxd3 {[%emt 0:00:30]} Rd4 {[%emt 0:00:08]} 56. Re1+ {[%emt 0:04:06]} Kd6 {[%emt 0:00:57]} 57. Bc4 {[%emt 0:00:30]} Rd2 {[%emt 0:00:00]} 58. Re6+ {[%emt 0:03:38]} Kd7 {[%emt 0:04:10]} 59. Re2 {[%emt 0:00:05]} Rd6 {[%emt 0:05:12]} 60. h5 {[%emt 0:01:42]} Bd4 {[%emt 0:01:08]} 61. hxg6 {[%emt 0:02:41]} hxg6 {[%emt 0:00:11]} 62. f4 {[%emt 0:00:00]} Bf6 {[%emt 0:01:30]} 63. Re3 {[%emt 0:00:24]} Bd4 {[%emt 0:00:21]} 64. Re2 {[%emt 0:00:09]} Bf6 {[%emt 0:00:46]} 1/2-1/2

[Event "Turkish Super League 2019"]
[Site "Konya"]
[Date "2019.07.27"]
[Round "12"]
[White "Romanov, Evgeny"]
[Black "Esen, Baris"]
[Result "1-0"]
[WhiteElo "2582"]
[BlackElo "2478"]
[Annotator "ChessBase"]
[PlyCount "85"]
[EventDate "2019.07.17"]
[EventType "team-tourn"]
[EventCountry "TUR"]
[SourceTitle "playchess.com"]
[Source "ChessBase"]
[SourceQuality "1"]
[TimeControl "40/5400+30:1800+30"]

1. e4 c5 2. Nf3 d6 3. Bb5+ Bd7 4. Bxd7+ Nxd7 5. O-O Ngf6 6. Re1 e6 7. b3 Be7 8. Bb2 O-O 9. c4 e5 10. Nc3 Ne8 11. h3 g6 12. Nh2 Bg5 13. Nd5 Nc7 14. Nxc7 Qxc7 15. Nf1 Rae8 16. Ne3 Qd8 17. Qc2 Re6 18. Rf1 Bxe3 19. dxe3 Qh4 20. Rad1 f5 21. f4 exf4 22. Rxf4 Qe7 23. exf5 Rxe3 24. Qd2 Rxf5 25. Rxf5 gxf5 26. Qd5+ Re6 27. Rf1 Ne5 28. Rxf5 Kg7 29. Rf3 b6 30. Rg3+ Rg6 31. Re3 Re6 32. Kh2 Kf8 33. Re4 Kg7 34. a3 Kf8 35. b4 Kg7 36. bxc5 bxc5 {[%emt 1:46:07]} 37. Re3 {[%emt 1:41:14]} Qf6 {[%emt 0:00:30]} 38. Rg3+ {[%emt 0:00:30]} Kf7 {[%emt 0:00:30]} 39. Qa8 {[%emt 0:02:05]} Re8 {[%emt 0:01:43]} 40. Qxa7+ {[%emt 0:00:00]} Qe7 {[%emt 0:00:00]} 41. Qa4 {[%emt 0:04:41]} Qh4 {[%emt 0:14:36]} 42. Qc2 {[%emt 0:05:30]} Re6 {[%emt 0:06:49]} 43. Bxe5 {[%emt 0:02:30]} 1-0

[Event "Turkish Super League 2019"]
[Site "Konya"]
[Date "2019.07.27"]
[Round "12"]
[White "Rasulov, Vugar"]
[Black "Saric, Ivan"]
[Result "1-0"]
[WhiteElo "2534"]
[BlackElo "2681"]
[Annotator "ChessBase"]
[PlyCount "117"]
[EventDate "2019.07.17"]
[EventType "team-tourn"]
[EventCountry "TUR"]
[SourceTitle "playchess.com"]
[Source "ChessBase"]
[SourceQuality "1"]
[TimeControl "40/5400+30:1800+30"]

1. e4 c5 2. Nf3 d6 3. d4 cxd4 4. Nxd4 Nf6 5. Nc3 a6 6. Be3 e5 7. Nf3 Qc7 8. a4 Be7 9. Be2 O-O 10. a5 Nc6 11. Bb6 Qb8 12. Nd5 Nxe4 13. Ra4 Nc5 14. Bc7 Qa7 15. Nxe5 dxe5 16. Bb6 Nxa4 17. Bxa7 Rxa7 18. Qa1 Bd8 19. Qxa4 Bxa5+ 20. c3 b5 21. Qa3 Be6 22. Bf3 e4 23. Bxe4 Bxd5 24. Bxd5 Re8+ 25. Kf1 Rd7 26. Qc5 Ne5 27. g3 Nd3 28. Qc6 Red8 29. Qxa6 Rxd5 30. Qxa5 Nxb2 31. Kg2 Nd3 32. Qc7 g6 33. Ra1 Re8 34. Qc6 Rde5 35. Ra8 Rxa8 36. Qxa8+ Kg7 37. Qd8 Ne1+ 38. Kf1 Nf3 39. h3 h5 40. Qd3 Rf5 41. Qe3 Kg8 42. Kg2 Ne5 43. f4 Nc4 44. Qe4 Rd5 45. g4 hxg4 46. hxg4 Kg7 47. Kg3 Rd1 48. f5 Rd6 49. Kf4 gxf5 50. gxf5 Rd2 51. Qf3 Nd6 52. Qc6 Rd1 53. Qg2+ Kf8 54. Kg5 Rd3 55. Qc6 Kg7 56. f6+ Kf8 57. Qc7 {[%emt 1:18:30]} Kg8 {[%emt 2:15:48]} 58. Qd8+ {[%emt 0:00:30]} Kh7 {[%emt 0:00:03]} 59. Qf8 {[%emt 0:00:00]} 1-0

[Event "Turkish Super League 2019"]
[Site "Konya"]
[Date "2019.07.27"]
[Round "12"]
[White "Gholami, Aryan"]
[Black "Lobanov, Sergei"]
[Result "1-0"]
[WhiteElo "2532"]
[BlackElo "2505"]
[Annotator "ChessBase"]
[PlyCount "59"]
[EventDate "2019.07.17"]
[EventType "team-tourn"]
[EventCountry "TUR"]
[SourceTitle "playchess.com"]
[Source "ChessBase"]
[SourceQuality "1"]
[TimeControl "40/5400+30:1800+30"]

1. Nf3 d5 2. g3 Nf6 3. Bg2 c6 4. c4 g6 5. b3 Bg7 6. Bb2 O-O 7. O-O a5 8. Nc3 Ne4 9. Na4 Bxb2 10. Nxb2 Na6 11. a3 Qd6 12. d3 Nf6 13. Qd2 b6 14. Na4 Rb8 15. d4 Ne4 16. Qe3 f6 17. Ne1 Qe6 18. Nd3 g5 19. Rfc1 Bd7 20. b4 axb4 21. axb4 dxc4 22. Bxe4 cxd3 23. Rxc6 Qf7 {[%emt 1:23:31]} 24. Rxb6 {[%emt 1:09:00]} Nxb4 {[%emt 0:00:30]} 25. Rb1 {[%emt 0:00:30]} Bxa4 {[%emt 0:14:32]} 26. R6xb4 {[%emt 0:00:00]} Rxb4 {[%emt 0:01:13]} 27. Rxb4 {[%emt 0:00:00]} Bc2 {[%emt 0:00:42]} 28. exd3 {[%emt 0:00:30]} Bb3 {[%emt 0:00:27]} 29. Rb7 {[%emt 0:00:30]} Rc8 {[%emt 0:03:02]} 30. Bf5 {[%emt 0:01:30]} 1-0